000 00551nam a2200181Ia 4500
005 20260601193249.0
008 260601s9999||||xx |||||||||||||| ||und||
020 _a978-981-97-5028-3
_qebk
100 _aTianqing Zhu
245 0 _aInformation Security and Privacy
250 _a2024
260 _aHeidelberg, Germany
_bSpringer Nature
_c2024
440 _aLecture Notes in Computer Science
650 _aComputer Science
700 _aYannan Li
856 _uhttps://link.springer.com/openurl?genre=book&isbn=978-981-97-5028-3
942 _cEB
_2ddc
999 _c56656
_d56656